Guess the 1960s song lyrics #133 - Statistics

General Stats
  • This quiz has been taken 21 times
  • The average score is 137 of 217
Answer Stats
Answer % Correct
a
100%
I
100%
be
94%
the
94%
The
94%
and
88%
And
88%
in
88%
it
88%
me
88%
my
88%
No
88%
to
88%
we
88%
All
82%
As
82%
By
82%
All
82%
her
82%
love
82%
see
82%
She
82%
she
82%
that
82%
That
82%
were
82%
what
82%
at
76%
day
76%
if
76%
it's
76%
of
76%
say
76%
was
76%
now
71%
there
71%
Are
65%
Every
65%
going
65%
hers
65%
mine
65%
more
65%
our
65%
Under
65%
would
65%
Bus
59%
bus
59%
but
59%
goes
59%
she'd
59%
stop
59%
way
59%
morning
53%
Please
53%
same
53%
Waiting
53%
August
47%
name
47%
people
47%
quite
47%
She's
47%
Sometimes
47%
That's
47%
umbrella
47%
both
41%
bought
41%
grows
41%
Hollies
41%
insane
41%
rain
41%
share
41%
show
41%
summer
41%
think
41%
wet
41%
Came
35%
employed
35%
enjoyed
35%
shine
35%
shop
35%
sun
35%
thing
35%
Wind
35%
Someday
29%
stays
29%
stops
29%
true
29%
Nice
24%
stared
24%
started
24%
Led
18%
Silly
18%
sweet
18%
Thinking
18%
vow
18%
whole
18%
Beginning
12%
ice
12%
melting
12%
queue
12%
romance
12%
sheltering
12%
No matching quizzes found
Score Distribution
Percent of People with Each Score
Percentile by Number Answered
Your Score History
You have not taken this quiz